Dua Lipa - Future Nostalgia - Statistics

General Stats
  • This quiz has been taken 39 times
  • The average score is 9 of 19
Answer Stats
2020 Future Nostalgia % Correct
1 Future Nostalgia
91%
5 Levitating
88%
2 Don't Start Now
81%
4 Physical
81%
8 Love Again
75%
9 Break My Heart
69%
3 Cool
66%
7 Hallucinate
66%
11 Boys Will Be Boys
59%
6 Pretty Please
56%
10 Good In Bed
47%
13 We're Good
34%
15 If It Ain't Me
25%
16 That Kind Of Woman
22%
12 Fever (feat. Angéle)
19%
17 Not My Problem (feat. JID)
13%
14 Prisoner (feat. Miley Cyrus)
13%
18 Levitating (feat. DaBaby)
9%
19 Un Día (One Day) (feat. J. Balvin, Bad Bunny & Tainy)
3%
No matching quizzes found
Score Distribution
Percent of People with Each Score
Percentile by Number Answered
Your Score History
You have not taken this quiz